Sổ tay doanh nghiệp lựa chọn loại hình doanh nghiệp
Quyển sách bàn về các vấn đề: đặc điểm và khái niệm các loại hình doanh nghiệp, cách thức lựa chọn loại hình doanh nghiệp và đưa ra các nhận xét , kiến nghị về các loại hình doanh nghiệp ở Việt Nam....
שמור ב:
| מחבר ראשי: | |
|---|---|
| פורמט: | ספר |
| שפה: | Undetermined |
| יצא לאור: |
Hà Nội
Tài chính
2008
|
| נושאים: | |
| תגים: |
הוספת תג
אין תגיות, היה/י הראשונ/ה לתייג את הרשומה!
|
| Thư viện lưu trữ: | Trung tâm Học liệu Trường Đại học Cần Thơ |
|---|
| LEADER | 00956nam a2200205Ia 4500 | ||
|---|---|---|---|
| 001 | CTU_159886 | ||
| 008 | 210402s9999 xx 000 0 und d | ||
| 020 | |c 86000 | ||
| 082 | |a 658.47 | ||
| 082 | |b C513 | ||
| 100 | |a Nguyễn, Đình Cung | ||
| 245 | 0 | |a Sổ tay doanh nghiệp lựa chọn loại hình doanh nghiệp | |
| 245 | 0 | |c Nguyến Đình Cung, Phan Đức Hiếu | |
| 260 | |a Hà Nội | ||
| 260 | |b Tài chính | ||
| 260 | |c 2008 | ||
| 520 | |a Quyển sách bàn về các vấn đề: đặc điểm và khái niệm các loại hình doanh nghiệp, cách thức lựa chọn loại hình doanh nghiệp và đưa ra các nhận xét , kiến nghị về các loại hình doanh nghiệp ở Việt Nam. | ||
| 650 | |a Business intelligence,Trí tuệ kinh doanh | ||
| 904 | |i Duyen, Trọng Hiếu | ||
| 980 | |a Trung tâm Học liệu Trường Đại học Cần Thơ | ||